banner-ar

منشات الاعمال الصغيرة : اتجاهات فى الاقتصاد الكلى / (Record no. 30651)

MARC details
000 -الفاتح
حقل البيانات ثابتة الطول 00796nam a2200241Ia 4500
008 - عناصر البيانات ثابتة الطول - معلومات عامة
حقل البيانات ثابتة الطول 140319s9999 xx 000 0 ara d
040 ## - مصدر الفهرسة
وكالة الفهرسة الأصلية GCL /
وكالة النسخ GCL
082 04 - رقم تصنيف ديوى العشرى
رقم التصنيف 339
رقم المادة هـ م
100 1# - المدخل الرئيسى - إسم شخصى
الإسم الشخصى صليب بطرس (مترجم)
245 10 - بيان العنوان
العنوان منشات الاعمال الصغيرة : اتجاهات فى الاقتصاد الكلى /
بيان المسئوليه,etc صليب بطرس (مترجم)
700 1# - المدخل الاضافى - اسم شخصى
الإسم الشخصى هل, جالن سبنسر
260 ## - PUBLICATION, DISTRIBUTION, ETC. (IMPRINT)
تاريخ النشر أو التوزيع 1989
300 ## - الوصف المادى
التعداد 229
490 ## - بيان السلسلة
عنوان السلسلة
650 04 - المدخل الاضافى بالموضوع-مصطلح موضوعى
مصطلح موضوعي الاقتصاد الكلى
650 04 - المدخل الاضافى بالموضوع-مصطلح موضوعى
مصطلح موضوعي التجارة
650 04 - المدخل الاضافى بالموضوع-مصطلح موضوعى
مصطلح موضوعي تنظيم وادارة
650 04 - المدخل الاضافى بالموضوع-مصطلح موضوعى
مصطلح موضوعي التسويق
650 04 - المدخل الاضافى بالموضوع-مصطلح موضوعى
مصطلح موضوعي التنمية الاقتصادية
650 04 - المدخل الاضافى بالموضوع-مصطلح موضوعى
مصطلح موضوعي المشروعات
942 ## - عناصر المدخل الإضافي( كوها)
مصدر التصنيف او مخطط الترفيف Dewey Decimal Classification
Koha [default] item type كتاب
260 ## - PUBLICATION, DISTRIBUTION, ETC. (IMPRINT)
-- [S.N] :
-- الدار الدولية للنشر والتوزيع ،
Holdings
حالة التراجع حالة الفقد حالة تلف ليس للاعارة المكان المؤقت الموقع الحالى تاريخ الاكتساب اجمالي اﻻعارات رقم الطلب الباركود تاريخ اخر مشاهدة تاريخ تفعيل السعر نوع وعاء كوها
        مكتبة القاهرة الكبرى مكتبة القاهرة الكبرى 03/26/2014   339\هـ م 71422 03/26/2014 03/26/2014 كتاب
        مكتبة القاهرة الكبرى مكتبة القاهرة الكبرى 03/26/2014   339\هـ م 71423 03/26/2014 03/26/2014 كتاب
        مكتبة القاهرة الكبرى مكتبة القاهرة الكبرى 03/26/2014   339\هـ م 71424 03/26/2014 03/26/2014 كتاب
        مكتبة القاهرة الكبرى مكتبة القاهرة الكبرى 03/26/2014   339\هـ م 71425 03/26/2014 03/26/2014 كتاب

Powered By

EGPV